000 00984nam a2200253Ia 4500
003 OSt
005 20220923215419.0
006 a|||||r|||| 00| 0
007 ta
008 220922b |||||||| |||| 00| 0 hin d
024 _a178,535
037 _cTextual
040 _aARTS
_cARTS
_bhin
041 _2hin
_ahin
082 _aO152,1I80,1:g, M6
100 _aपवन कुमारी
245 0 _aपद्मावत और मधुमालती के संदर्भ में जायसी और मंझन का तुलनात्मक अध्ययन
246 _aPadmāvat aur madhumālatī ke sandarbha mean jāyasī aur hinzan kā tulanātmak adhyayana
260 _aमेरठ
_b शिवाजी मार्ग
_c1986
300 _a287 पृ.
_ccm.
650 _aहिन्दी साहित्य
_9156264
942 _hO152,1I80,1:g, M6
_cTEXL
_2CC
999 _c331917
_d331917